[Event "Hoogovens"]
[Site "Wijk aan Zee 58"]
[Date "1996.??.??"]
[Round "7"]
[White "Anand, Viswanathan"]
[Black "Gelfand, Boris"]
[Result "1-0"]
[WhiteElo "2725"]
[BlackElo "2700"]
[Annotator "JvR"]
[PlyCount "49"]
[EventDate "1996.??.??"]
[EventCountry "NED"]

1. e4 c5 2. Nc3 d6 3. f4 g6 4. Nf3 Bg7 5. Bc4 Nc6 6. d3 e6 7. O-O Nge7 8. Qe1
h6 9. Bb3 a6 10. e5 $1 {Anand betters on a previous game against Gelfand.} Nf5
11. Kh1 Nfd4 $6 (11... d5 $1 {was played in Khalifman - Van Wely, Bugojno 1999.
}) 12. Ne4 $1 Nxf3 13. Rxf3 dxe5 14. fxe5 Nxe5 15. Rf1 g5 $5 16. Qg3 $5 (16.
Bd2 $1 {continues the development.}) 16... O-O 17. Bxg5 hxg5 18. Nxg5 Ng6 19.
Rae1 $1 Qe7 20. Rf5 $3 Bf6 $1 21. Nxe6 $1 {Vishy gives Boris a shell shock.}
fxe6 $4 (21... Re8 $1 22. Re4 Bxe6 23. Bxe6 fxe6 24. Qxg6+ Bg7 25. Rf3 {
probably draws (Anand).}) 22. Rxe6 $1 Kg7 ({The pointe is} 22... Bxe6 23. Qxg6+
Qg7 24. Bxe6+ Kh8 25. Rh5+) 23. Rxe7+ Bxe7 24. Rxf8 Bxf8 25. h4 $1 1-0

[Event "Hoogovens"]
[Site "Wijk aan Zee 58"]
[Date "1996.??.??"]
[Round "9"]
[White "Shirov, Alexei"]
[Black "Gelfand, Boris"]
[Result "1-0"]
[WhiteElo "2690"]
[BlackElo "2700"]
[Annotator "JvR"]
[PlyCount "83"]
[EventDate "1996.??.??"]
[EventCountry "NED"]

1. e4 c5 2. Nf3 d6 3. d4 cxd4 4. Nxd4 Nf6 5. Nc3 a6 6. Be3 e6 7. g4 e5 8. Nf5
g6 9. g5 gxf5 10. exf5 d5 11. gxf6 d4 12. Bc4 Qxf6 13. Nd5 Qc6 14. Bxd4 Bb4+
15. c3 Qxc4 16. Be3 Ba5 $2 {Gelfand brings a novelty in a sharp line.} 17. Nf6+
Ke7 ({Not} 17... Kf8 $4 18. Qd6+ Kg7 19. Rg1+) 18. Nd5+ Ke8 19. Nf6+ Ke7 20.
Bg5 $1 {Shirov plays for a win.} Bc7 {Black has no proper answer.} 21. Ne4+ $2
({Right is} 21. Qd5 Qxd5 22. Nxd5+ Kd6 23. O-O-O Kc6 24. Ne7+ Kb6 25. Be3+ Ka5
26. Rd5+ b5 27. a4 $3 Nc6 28. b4+ Nxb4 29. cxb4+ Kxb4 30. Kb2 Bb7 31. Bd2+ Kxa4
32. Ra1# {(Shirov).}) 21... Ke8 $2 (21... Kf8 $1 22. Bh6+ Ke8 $1 23. Nf6+ Ke7
24. Nd5+ Ke8 {brings a perpetual (Shirov).}) 22. Qg4 $1 b5 $1 23. Nf6+ $6 (23.
O-O-O $1 Nd7 24. Bh6 $1 {wins quickly.}) 23... Ke7 24. O-O-O $1 Qxg4 $1 25.
Nxg4+ Kf8 26. Bh6+ Ke7 27. Bg5+ Kf8 28. Bd8 $1 {Shirov enlarges his advantage.}
Bxf5 $1 29. Bxc7 Nc6 $5 30. Nh6 $1 Bg6 31. Rd6 Nb4 $5 {Gelfand starts
complications.} 32. cxb4 Kg7 33. h4 $5 Rhc8 34. h5 $1 Rxc7+ 35. Kd2 Be4 36.
Rg1+ Kh8 37. Ke3 Bb7 38. Rgd1 Re8 $5 39. Nf5 $5 Bc8 $2 (39... Rc4 $1 {prolongs
the game.}) 40. Rd8 Bxf5 41. Rxe8+ Kg7 42. Rxe5 1-0

[Event "Hoogovens"]
[Site "Wijk aan Zee 58"]
[Date "1996.??.??"]
[Round "10"]
[White "Timman, Jan"]
[Black "Ivanchuk, Vassily"]
[Result "0-1"]
[WhiteElo "2620"]
[BlackElo "2735"]
[Annotator "JvR"]
[PlyCount "84"]
[EventDate "1996.??.??"]
[EventCountry "NED"]

1. d4 d5 2. c4 c6 3. Nc3 Nf6 4. e3 e6 5. Nf3 Nbd7 6. Bd3 dxc4 7. Bxc4 b5 8. Bd3
Bb7 9. O-O a6 10. e4 c5 11. d5 Qc7 12. Qe2 Bd6 13. Bg5 $5 O-O 14. Bxf6 gxf6 15.
Rad1 Ne5 16. Nxe5 Bxe5 17. f4 Bd4+ 18. Kh1 Kh8 {They fight an interesting
positional battle.} 19. Bb1 Rg8 20. Qc2 f5 21. Nxb5 $1 axb5 22. Rxd4 fxe4 23.
Qc3 Rg7 24. Bxe4 $2 (24. d6 $1 e3 $1 25. Rg1 (25. dxc7 $4 Bxg2+ 26. Kg1 Be4#)
25... Qb6 26. Rd3 Be4 27. Rxe3 Bxb1 28. Rxb1 Qxd6 {is ok (Ftacnik).}) 24...
exd5 $6 (24... f5 $1 {wins at once.}) 25. Bf3 Qb6 26. Rd2 d4 $1 27. Qd3 Rd8 28.
Bxb7 Qxb7 29. Re1 Rg6 30. h3 $6 ({Necessary is} 30. b3) 30... c4 $1 31. Qe4
Qxe4 32. Rxe4 d3 33. Kg1 Re6 34. Rxe6 fxe6 35. Kf2 e5 $1 36. fxe5 ({Or} 36. f5
Kg7 37. Ke3 Kf6 38. g4 b4 39. Rd1 e4 $1 {and Black wins.}) 36... Rd5 37. Ke1 b4
38. Rf2 c3 39. bxc3 bxc3 40. Rf8+ Kg7 41. Rc8 d2+ 42. Kd1 Rd3 0-1

[Event "Hoogovens"]
[Site "Wijk aan Zee 58"]
[Date "1996.??.??"]
[Round "12"]
[White "Van Wely, Loek"]
[Black "Shirov, Alexei"]
[Result "1-0"]
[WhiteElo "2570"]
[BlackElo "2690"]
[Annotator "JvR"]
[PlyCount "121"]
[EventDate "1996.??.??"]
[EventCountry "NED"]

1. d4 Nf6 2. c4 g6 3. Nc3 d5 4. Nf3 Bg7 5. Bf4 O-O 6. Rc1 c5 7. dxc5 Be6 8. Nd4
Nc6 9. Nxe6 fxe6 10. e3 Qa5 11. Qa4 Qxc5 12. Be2 d4 $5 ({Known is} 12... e5 {
(Ilivitzki - Milev, Sofia 1957).}) 13. exd4 Nxd4 14. Be3 Rad8 15. O-O Qe5 $6 ({
Botvinnik prefers} 15... a6 16. Kh1 Qc7 $1) 16. Bxd4 Rxd4 17. Rce1 (17. Qxa7 $5
Ne4 $1 {brings a counter.}) 17... Rd2 18. Bf3 Qd4 $6 19. Rd1 $1 ({Not} 19. Bxb7
$4 Rxf2 $1 20. Rxf2 Ng4) 19... Bh6 20. Rxd2 Bxd2 21. Rd1 $1 Qe5 22. Nb1 $5 Ba5
23. b4 Bc7 24. g3 {White has the better pawn structure.} a5 25. a3 axb4 26.
axb4 h5 $2 (26... Ne4 $1 27. Qb3 Qf5 28. Bxe4 Qxe4 {nearly equalises (Ftacnik).
}) 27. Qc2 Kg7 28. Nc3 h4 29. Nb5 hxg3 30. hxg3 Bb8 31. Qd2 Ne4 32. Bxe4 Qxe4
33. Qd4+ Qxd4 34. Rxd4 {Van Wely has achieved a won endgame.} Rc8 35. c5 b6 $1
36. Rc4 $1 ({Not} 36. cxb6 $2 Rc6 37. b7 Rb6 {(Ftacnik).}) 36... bxc5 37. bxc5
Kf6 38. c6 Bd6 39. Kg2 Ke5 40. c7 Kd5 41. Rc2 e5 42. Kf3 e4+ 43. Kg4 Ke6 44.
Kg5 e3 $5 45. Re2 (45. Nxd6 $1 exf2 46. Nxc8 f1=Q 47. Nxe7 Qf6+ 48. Kg4 Qd4+
49. Kh3 Qh8+ 50. Kg2 Qa8+ 51. Rc6+ {wins elegantly.}) 45... Bxc7 46. Rxe3+ Kd7
47. Rd3+ Bd6 48. Kxg6 Ke6 49. Nxd6 exd6 50. g4 Ke5 (50... Rg8+ 51. Kh5 Rf8 52.
Re3+ Kd5 53. Re2 $1 {wins for White.}) 51. g5 d5 52. Kh7 Rc7+ 53. Kh6 Rc2 54.
Rf3 $1 Ke4 55. Rf8 Rc1 56. g6 Rh1+ 57. Kg5 Rg1+ 58. Kf6 Rf1 59. Re8+ Kd4 60.
Re2 Kd3 61. Ra2 1-0

[Event "Hoogovens"]
[Site "Wijk aan Zee 58"]
[Date "1996.??.??"]
[Round "13"]
[White "Anand, Viswanathan"]
[Black "Tiviakov, Sergei"]
[Result "1-0"]
[WhiteElo "2725"]
[BlackElo "2625"]
[Annotator "JvR"]
[PlyCount "213"]
[EventDate "1996.??.??"]
[EventCountry "NED"]

1. Nf3 Nf6 2. c4 b6 3. g3 Bb7 4. Bg2 e6 5. O-O Be7 6. Nc3 O-O 7. Re1 d5 8. cxd5
Nxd5 9. d4 Nxc3 10. bxc3 c5 11. e4 Nd7 12. Bf4 Nf6 13. Qd3 $5 (13. Ne5 {
occurred in Beliavsky - Tiviakov, Belgrade 1993.}) 13... cxd4 14. cxd4 Bb4 15.
Nd2 Rc8 16. Rec1 Rxc1+ 17. Rxc1 Qa8 18. f3 Rc8 19. Nc4 Ba6 20. Bf1 Rd8 21. Qb3
$1 Bf8 22. Be3 Rc8 23. Rc2 Qb7 24. Bd3 Qe7 $6 (24... Be7 {makes a better
waiting move.}) 25. Qa4 $1 Bxc4 26. Rxc4 Rxc4 27. Bxc4 Nd5 $1 28. Bd2 Nf6 29.
Kf1 Ne8 30. Bd3 g6 31. Ke2 Nd6 32. Bf4 Qc7 33. Bd2 Qe7 34. e5 Nf5 35. g4 Ng7
36. Be1 Qc7 37. Kd1 Be7 38. Bd2 Kf8 39. Be4 f6 40. Qc6 Qxc6 41. Bxc6 {Anand
has the better ending.} Ne8 42. Bh6+ Ng7 43. Ke2 Kf7 44. Be3 fxe5 45. dxe5 Ne8
46. f4 Nc7 47. Kf3 Na6 48. Bb5 Nb4 49. Bc4 Nc6 50. Ke4 Na5 51. Ba6 Bc5 52. Bd2
{Exchange of bishops gives fine chances too.} Nc6 53. f5 $1 gxf5+ 54. gxf5
exf5+ 55. Kxf5 Ne7+ $6 (55... Nd4+ $1 56. Ke4 Ne6 {blockades the passed pawn.})
56. Ke4 Kg6 57. Bb5 Kf7 58. Bg5 Ba3 59. Bc4+ Kg6 60. Bf6 Bb4 61. Kf4 h6 62. Ke4
Ba3 63. Bh4 Bc5 64. Bg3 Kg7 65. Kf4 Kg6 66. Bd3+ Kg7 67. Kg4 Be3 68. Bh4 Kf7
69. Bc4+ Kf8 70. Bf6 Bd4 71. Kf4 Bb2 72. Ke4 Ba3 (72... Bc3 $1 {frustrates the
advance.}) 73. e6 $5 Bd6 74. Be5 Bxe5 75. Kxe5 Kg7 76. Bd3 Nc8 77. a4 Ne7 78.
Bb5 Nc8 79. Ba6 Ne7 80. Bd3 Nc8 81. Ba6 Ne7 82. Kd6 $1 Kf6 83. Bc4 Nf5+ 84. Kd7
Ne7 85. Kc7 Ke5 86. Bb3 Nf5 87. Kb7 Kd6 88. Kxa7 {Anand has won a pawn at last.
} Kc7 89. Ka6 Kc6 90. Bd1 Ne7 91. Bf3+ Kc7 92. Kb5 Nf5 93. Bg4 Nd6+ 94. Kb4 Kd8
$2 (94... Nc8 $1 95. Kb5 Ne7 {takes a last stand.}) 95. Kc3 Ke7 96. Kd4 Nb7 97.
Kc4 Kd6 98. Kb5 Nc5 99. h4 $1 h5 $1 100. Bh3 $1 {White wins by zugzwang.} Ke7
101. a5 $1 Nxe6 102. Kxb6 Nf4 103. a6 Nd5+ 104. Kb7 Kd8 105. a7 Nc7 106. Bf1
Kd7 107. Be2 {The 1500 participants made another great success of the
Hoogovens tournament. Ivanchuk won the main group by 9/13. Anand followed at
one point.} 1-0

[Event "Hoogovens"]
[Site "Wijk aan Zee 59"]
[Date "1997.??.??"]
[Round "1"]
[White "Piket, Jeroen"]
[Black "Salov, Valery"]
[Result "1-0"]
[WhiteElo "2640"]
[BlackElo "2665"]
[Annotator "JvR"]
[PlyCount "81"]
[EventDate "1997.??.??"]
[EventCountry "NED"]

{The event of 1997 had an exciting fight at the top. Local hero Piket started
well.} 1. d4 Nf6 2. c4 e6 3. Nf3 b6 4. a3 Ba6 5. Qc2 Bb7 6. Nc3 c5 7. e4 cxd4
8. Nxd4 Bc5 9. Nb3 Nc6 10. Bf4 O-O 11. Nxc5 $5 bxc5 12. Bd6 Nd4 13. Qd3 e5 $6 (
{The alternative will become} 13... Re8 $5 {(Miniboeck - Farago, Austria 1998).
}) 14. Bxc5 $5 {Capture of the rook also plays for a win.} Re8 15. Bxd4 exd4
16. Qxd4 Nxe4 17. O-O-O Nxc3 18. Qxc3 Rc8 19. Kb1 a5 $6 {Black encounters
difficulties.} ({Preferable is} 19... Qb6 $1 20. Rxd7 {(Piket)} Be4+ 21. Bd3
Qe6 22. Rd4 Bxg2) 20. f3 Bc6 21. Bd3 Qg5 22. h4 Qc5 23. Rhe1 a4 24. Rxe8+ Rxe8
25. Re1 Rxe1+ 26. Qxe1 g6 27. Qe2 Qd4 $6 (27... d5 $1 28. cxd5 Bxd5 {gives
more resistance (Piket).}) 28. Be4 Bxe4+ 29. fxe4 Kg7 30. Qc2 $6 (30. b4 $1
axb3 31. Qb2 {wins quickly.}) 30... Kf6 31. Ka2 $1 h5 32. Qxa4 Qxe4 33. g3 g5
34. Qa6+ Ke7 35. hxg5 Qe5 36. Qf6+ Qxf6 $1 37. gxf6+ Kxf6 38. Kb3 $1 Ke5 39.
Kc3 $1 {The king moves into the square of the h- pawn.} f5 40. a4 f4 41. gxf4+
1-0

[Event "Hoogovens"]
[Site "Wijk aan Zee 59"]
[Date "1997.??.??"]
[Round "2"]
[White "Nikolic, Predrag"]
[Black "Piket, Jeroen"]
[Result "0-1"]
[WhiteElo "2655"]
[BlackElo "2640"]
[Annotator "JvR"]
[PlyCount "80"]
[EventDate "1997.??.??"]
[EventCountry "NED"]

1. d4 Nf6 2. Nf3 g6 3. g3 Bg7 4. Bg2 O-O 5. c4 d5 6. O-O dxc4 7. Na3 Nc6 8.
Nxc4 Be6 9. b3 a5 10. Bb2 Bd5 11. Rc1 a4 12. bxa4 Ra6 13. Nfe5 Bxg2 14. Kxg2
Qa8 15. Nxc6 bxc6 16. a5 c5+ 17. Kg1 Rd8 18. e3 cxd4 19. exd4 Ne4 20. Qf3 Bxd4
21. Bxd4 Rxd4 22. h4 Rf6 23. Qe2 $6 {White is lost after the opening.} (23. Qa3
{was played in Ivkov - Gheorghiu, Manila 1973.}) 23... Qa6 $1 24. Rc2 Re6 25.
Ne3 Qxa5 26. Rb1 h5 27. Rb8+ Kg7 28. Kg2 c6 29. Rc8 Nxg3 $1 30. fxg3 ({Or} 30.
Kxg3 Rg4+ 31. Kh3 Qa4 $1) 30... Rde4 31. R8xc6 Rxe3 32. Rxe6 Qd5+ $1 33. Kh2
Qxe6 34. Qb5 (34. Qf2 g5 $1 35. hxg5 h4 $1 {elegantly wins for Black.}) 34...
Qg4 35. Rg2 e5 36. a4 Re1 37. Rf2 Qe4 38. Rg2 Ra1 39. Qb6 Rxa4 40. Rf2 Qd5 {
Piket led by two wins. Holland showed great interest.} 0-1

[Event "Hoogovens"]
[Site "Wijk aan Zee 59"]
[Date "1997.??.??"]
[Round "3"]
[White "Kortschnoj, Viktor"]
[Black "Onischuk, Alexander"]
[Result "1-0"]
[WhiteElo "2635"]
[BlackElo "2580"]
[Annotator "JvR"]
[PlyCount "67"]
[EventDate "1997.??.??"]
[EventCountry "NED"]

1. c4 f5 2. Nc3 Nf6 3. d4 g6 4. f3 Bg7 5. e4 fxe4 6. fxe4 d6 7. Nf3 O-O 8. Be2
c5 9. d5 Ng4 10. O-O Ne5 $5 {White has a plus.} ({Known is} 10... Nd7) 11. Bg5
Nbd7 12. Kh1 h6 13. Bd2 a6 14. Qc2 Rb8 15. a3 Qe8 16. b4 Nxf3 17. gxf3 b5 18.
cxb5 axb5 19. f4 $1 {The attack on the king begins.} Qf7 $6 ({Preferable is} 
19... c4) 20. Rg1 Bd4 21. e5 $1 {Kortschnoj proceeds the assault.} Nxe5 22.
fxe5 Bf5 23. Bd3 Bxd3 24. Qxd3 Bxg1 25. Rxg1 Kh7 ({Not} 25... g5 $2 26. Bxg5 $1
) 26. bxc5 dxc5 27. Ne4 Qf5 $2 (27... Qf3+ 28. Qxf3 Rxf3 29. Nxc5 Rd8 {gives
more resistance.}) 28. Qe3 Qh5 29. d6 Rf3 30. dxe7 Rxe3 31. Nf6+ Kh8 32. Nxh5
Rd3 33. Rxg6 Rxd2 34. Rd6 1-0

[Event "Hoogovens"]
[Site "Wijk aan Zee 59"]
[Date "1997.??.??"]
[Round "3"]
[White "Nijboer, Friso"]
[Black "Van der Sterren, Paul"]
[Result "0-1"]
[WhiteElo "2555"]
[BlackElo "2515"]
[Annotator "JvR"]
[PlyCount "52"]
[EventDate "1997.??.??"]
[EventCountry "NED"]

1. e4 c5 2. Nf3 d6 3. d4 cxd4 4. Nxd4 Nf6 5. Nc3 a6 6. Be2 e5 7. Nb3 Be7 8. O-O
O-O 9. Kh1 Qc7 10. f4 b5 11. a4 b4 12. Nd5 Nxd5 13. exd5 Bf5 $1 ({Known is} 
13... Nd7) 14. c4 $5 bxc3 15. bxc3 $6 ({Okay is} 15. fxe5 $1 c2 16. Qd2 Bg6 17.
e6 $1) 15... Qxc3 16. Ra2 $6 (16. Bd2 $1 {ensued in (Dobierzin - Gunajew, Brno
1998).}) 16... Be4 $5 17. fxe5 dxe5 18. Bf3 Bxf3 19. Rxf3 Qc4 $1 20. Rc2 Qb4
21. Rd3 $6 ({Better is} 21. a5 {(Tyomkin).}) 21... Nd7 22. Rc7 $2 (22. d6 Bf6
23. a5 e4 24. Re3 {fights on.}) 22... Qxa4 23. Rg3 Rfd8 24. d6 Bxd6 $1 25. Bh6
Bf8 26. Rg4 Nf6 $1 0-1

[Event "Hoogovens"]
[Site "Wijk aan Zee 59"]
[Date "1997.??.??"]
[Round "4"]
[White "Salov, Valery"]
[Black "Glek, Igor"]
[Result "1-0"]
[WhiteElo "2665"]
[BlackElo "2620"]
[Annotator "JvR"]
[PlyCount "89"]
[EventDate "1997.??.??"]
[EventCountry "NED"]

1. d4 Nf6 2. Bg5 e6 3. Nf3 h6 4. Bh4 d6 5. h3 Be7 6. e3 $5 ({Known is} 6. Nbd2)
6... Ne4 $6 7. Bxe7 Qxe7 8. Nbd2 Nxd2 9. Qxd2 O-O 10. O-O-O e5 $5 11. dxe5 dxe5
12. Qc3 $1 Nc6 13. Bb5 Re8 $1 ({Not} 13... Bd7 $2 14. Bxc6 Bxc6 15. Nxe5 Bxg2
16. Rhg1 {(Salov).}) 14. Rd2 Nb4 $1 15. Kb1 c6 16. a3 cxb5 17. Qxb4 Qxb4 18.
axb4 f6 $1 {Black has equalised.} 19. Rhd1 Be6 20. b3 Kf7 21. e4 Rac8 22. Kb2
Rc7 23. Ne1 Ke7 24. Nd3 g5 25. h4 $5 gxh4 26. Rh1 h3 27. f4 $5 Rg8 28. gxh3 Rd7
$5 29. fxe5 fxe5 30. Re2 $1 Rd4 $6 (30... Kd6 $1 31. Nc5 Rc7 32. Rf1 b6 33.
Nxe6 Kxe6 34. Ref2 Rg6 {safeguards the pawns.}) 31. Nxe5 Rxb4 32. Ra1 $2 Rg3
33. Rxa7 Kd6 $1 34. Nd3 Rxb3+ $1 (34... Rd4 $2 35. Kc3 {costs material.}) 35.
cxb3 Rxd3 36. b4 Rb3+ 37. Kc2 Rxh3 $2 {Black fails in time troubles.} (37...
Rxb4 $1 38. Rxb7 Ke5 {defends strongly (Salov).}) 38. Rxb7 Bb3+ 39. Kd2 Bc4 40.
Re3 Rh2+ 41. Kc3 Rh1 42. e5+ Kc6 43. Ra7 Rb1 44. Ra6+ Kb7 45. Rxh6 {Salov
began a pursuit of Piket.} 1-0

[Event "Hoogovens"]
[Site "Wijk aan Zee 59"]
[Date "1997.??.??"]
[Round "5"]
[White "Yermolinsky, Alex"]
[Black "Salov, Valery"]
[Result "0-1"]
[WhiteElo "2630"]
[BlackElo "2665"]
[Annotator "JvR"]
[PlyCount "94"]
[EventDate "1997.??.??"]
[EventCountry "NED"]

1. Nf3 Nf6 2. c4 c5 3. Nc3 e6 4. g3 b6 5. Bg2 Bb7 6. O-O Be7 7. d4 cxd4 8. Qxd4
O-O 9. Rd1 Nc6 10. Qf4 Qb8 11. e4 d6 12. b3 Ne5 13. Qe3 $5 Ned7 14. Qe2 a6 15.
Nd4 Qc7 16. Bd2 $5 Rfe8 17. Rac1 Rac8 18. Be3 Qb8 19. f3 d5 20. cxd5 exd5 21.
exd5 $2 {White loses the battle in the centre.} ({Better is} 21. Nf5 $1 Ba3 22.
Rc2 dxe4 23. Nxe4 Nxe4 24. fxe4 Rxc2 25. Qxc2) 21... Ba3 $1 22. Rc2 Rxc3 $1 23.
Rxc3 Nxd5 24. Rcd3 Nc5 25. f4 $5 ({Not} 25. Nc6 $2 Bxc6 26. Rxd5 Bxd5 27. Rxd5
Bc1 $1 {(Salov).}) 25... Nxd3 26. Rxd3 Bc5 27. Bxd5 Bxd5 28. Nf5 Be4 29. Bxc5
Bxd3 30. Qxd3 bxc5 31. Qc3 f6 32. Qc4+ Kh8 33. Qf7 ({Or} 33. Qxa6 Qb4 $1) 33...
Rg8 34. h4 Qe8 35. Qd5 Qe1+ 36. Kg2 Qe2+ 37. Kh3 h5 38. Nd6 Qg4+ 39. Kg2 Rf8
40. Kf2 Kh7 41. Qxc5 Rd8 42. Qc2+ g6 43. Qc4 Qd7 44. Ne4 Qe7 45. Qc3 Kg7 46.
Kf3 Re8 47. Qd3 Qb7 $1 {White loses the battle in the centre.} 0-1

[Event "Hoogovens"]
[Site "Wijk aan Zee 59"]
[Date "1997.??.??"]
[Round "6"]
[White "Short, Nigel"]
[Black "Piket, Jeroen"]
[Result "0-1"]
[WhiteElo "2690"]
[BlackElo "2640"]
[Annotator "JvR"]
[PlyCount "148"]
[EventDate "1997.??.??"]
[EventCountry "NED"]

1. e4 e5 2. Nf3 Nc6 3. Bb5 a6 4. Ba4 Nf6 5. O-O Be7 6. Qe2 b5 7. Bb3 O-O 8. c3
d6 9. Rd1 Na5 10. Bc2 c5 11. d4 Qc7 12. d5 Bd7 13. Nbd2 c4 14. Nf1 Nb7 15. Ng3
Rfe8 $5 16. h3 Nc5 17. Be3 Rab8 18. b4 cxb3 19. axb3 Rec8 20. Rdc1 a5 21. Nd2
Ne8 22. b4 $1 Na4 {Little has happened so far.} 23. Bxa4 $6 {White creates a
black passed pawn.} ({Better is} 23. Qf3 $1 axb4 24. cxb4) 23... bxa4 24. bxa5
Qxa5 25. c4 Qa6 26. Qd3 Bd8 27. Ne2 g6 28. Nc3 Rb4 29. Ra3 f5 30. f3 $2 (30.
exf5 $1 gxf5 {(Piket)} 31. Bh6 {leads to counter-play for White.}) 30... f4 $1
31. Bf2 Bb6 32. Nd1 Nf6 33. Raa1 Be8 34. Rcb1 Rxb1 35. Rxb1 Nd7 36. Bxb6 Nxb6
37. Rb4 $6 a3 $1 38. Nc3 Nd7 39. Na2 Qa7+ 40. Kf1 Nc5 41. Qc3 g5 42. Rb1 h5 43.
Ke2 Bd7 44. Qb4 Kf7 {Black advances on the kingside quietly.} 45. Qb6 Qxb6 46.
Rxb6 Ke7 47. Nc3 $2 Ra8 $2 (47... Na4 $1 {wins immediately.}) 48. Na2 g4 49.
hxg4 hxg4 50. Nb3 gxf3+ 51. gxf3 Na4 52. Rb7 Rh8 $1 {Short is helpless.} 53.
Nb4 Rh2+ 54. Kd3 Rb2 55. Nc6+ Kf6 $1 56. Rb4 Bh3 57. Rxa4 Rxb3+ 58. Kd2 ({Or} 
58. Ke2 Bg2) 58... Rxf3 59. Nb4 Rf2+ 60. Kc3 Rf3+ 61. Kd2 Rf2+ 62. Ke1 Rb2 63.
Nd3 Rb3 64. Nf2 Rb1+ 65. Ke2 Rb2+ 66. Kf3 Rb3+ 67. Ke2 Bg2 68. c5 Bf3+ 69. Kd2
Rb2+ 70. Kc3 Rxf2 71. cxd6 Bg4 72. Kb4 a2 73. Kc5 Rc2+ 74. Kb6 f3 {Piket kept
on winning.} 0-1

[Event "Hoogovens"]
[Site "Wijk aan Zee 59"]
[Date "1997.??.??"]
[Round "7"]
[White "Timman, Jan"]
[Black "Van Wely, Loek"]
[Result "0-1"]
[WhiteElo "2630"]
[BlackElo "2645"]
[Annotator "JvR"]
[PlyCount "76"]
[EventDate "1997.??.??"]
[EventCountry "NED"]

1. d4 Nf6 2. c4 g6 3. Nc3 Bg7 4. e4 d6 5. f3 O-O 6. Nge2 a6 7. Bg5 c6 8. Qd2 b5
9. Bh6 e5 10. O-O-O $6 Bxh6 11. Qxh6 Qa5 12. Qg5 $5 (12. g4 {occurred in
Sokolov - Van Wely, round three.}) 12... Nbd7 13. Ng3 (13. a3 $6 Rb8 $1 {
intensifies the attack on the white king.}) 13... b4 $1 14. Nb1 Qxa2 15. Nf5 $1
exd4 16. Nxd6 $2 ({More useful is} 16. Rxd4 $1) 16... h6 $1 {Black lifts the
protection of square c5.} 17. Qxh6 Nc5 $1 18. h4 Nb3+ 19. Kc2 Na1+ 20. Kc1 Nb3+
21. Kc2 Na1+ 22. Kc1 Qa4 $1 23. Bd3 Nb3+ 24. Kc2 Nc5+ 25. Kc1 Nb3+ 26. Kc2 Nc5+
27. Kc1 Qb3 $1 28. Qd2 {White needs his queen for the defence.} Nfd7 $2 ({
Black misses the win} 28... Rd8 $1 29. e5 Rxd6 $1 30. exd6 Bf5 $1 31. Bxf5
Qxc4+ $1 32. Bc2 Nb3#) 29. f4 $2 (29. Bc2 $1 d3 $1 30. Bxd3 (30. Bxb3 $4 Nxb3#)
30... Na4 $1 31. Qc2 Ndc5 {equalises (Van Wely).}) 29... Nb6 $1 30. f5 Nba4 $1
31. Rh3 Qa2 32. Be2 Rd8 ({Even better is} 32... Nc3 $1 {(Glistrup).}) 33. Qxb4
a5 34. Qa3 Qxa3 35. Rxa3 Rxd6 36. e5 Rd8 37. Bf3 Rb8 38. Bxc6 Nxb2 0-1

[Event "Hoogovens"]
[Site "Wijk aan Zee 59"]
[Date "1997.??.??"]
[Round "8"]
[White "Sokolov, Ivan"]
[Black "Granda Zuniga, Julio"]
[Result "1-0"]
[WhiteElo "2615"]
[BlackElo "2620"]
[Annotator "JvR"]
[PlyCount "95"]
[EventDate "1997.??.??"]
[EventCountry "NED"]

1. d4 Nf6 2. c4 e6 3. Nf3 b6 4. Nc3 Bb4 5. Qb3 c5 6. Bg5 Nc6 7. d5 Na5 8. Qc2
h6 9. Bh4 exd5 $5 (9... Nxc4 $6 {will lose in Peng - Janssen during the next
round.}) 10. cxd5 O-O 11. e3 d6 12. Be2 Bxc3+ 13. bxc3 Qe7 14. Nd2 Bd7 15. O-O
Rae8 (15... g5 $1 16. Bg3 Nxd5 {gives counter- play (Sokolov).}) 16. c4 $1 {
White has prepared an attacking position.} g6 17. Bd3 g5 18. Bg3 Nh5 19. Rae1
f5 $1 20. f4 Nxg3 $1 21. hxg3 Qg7 22. fxg5 Qxg5 23. Rf3 Nb7 $5 ({More prudent
is} 23... Rf7 $1) 24. Ref1 Nd8 ({Not} 24... Rxe3 $4 25. Ne4 $1 {(Sokolov).})
25. e4 $1 Nf7 $1 26. exf5 Ne5 $1 27. Ne4 $1 Nxf3+ 28. Rxf3 Rxe4 $1 (28... Qd8
$2 29. g4 $1 {storms the kingside (Sokolov).}) 29. Bxe4 Qf6 30. Rf4 Rf7 31. Kh2
Rg7 32. Qd2 Rg5 33. g4 Rg7 34. Qf2 Re7 $6 {Black lacks contemplation time} ({
The counter} 34... a6 $1 {starts an advances on the queenside.}) 35. Bd3 Kf8
36. Qg3 Rg7 37. Kh3 Re7 38. Rf1 Re5 39. Kh2 Re7 40. Qf4 Qh4+ 41. Kg1 Qf6 42.
Rf3 $1 Rg7 $2 {Zuniga misses the best defence.} (42... Kg7 $1 {guards the
kingside.}) 43. Rh3 $1 Rg5 44. Be2 Be8 45. Re3 $1 Bf7 46. Ra3 Qe7 47. Kf2 Kg7
48. Qe3 $1 (48. Qe3 Qc7 49. Qc3+ Kh7 50. Qf6 $1 {takes the fortress (Sokolov).}
) 1-0

[Event "Hoogovens"]
[Site "Wijk aan Zee 59"]
[Date "1997.??.??"]
[Round "9"]
[White "Timman, Jan"]
[Black "Sokolov, Ivan"]
[Result "0-1"]
[WhiteElo "2630"]
[BlackElo "2615"]
[Annotator "JvR"]
[PlyCount "58"]
[EventDate "1997.??.??"]
[EventCountry "NED"]

1. e4 c5 2. Nf3 e6 3. d4 cxd4 4. Nxd4 a6 5. Bd3 Bc5 6. Nb3 Ba7 7. Qe2 d6 8. Be3
Bxe3 9. Qxe3 Nf6 10. Nc3 b5 $2 {Sokolov has played a new blunder.} 11. O-O-O $2
(11. e5 $1 dxe5 12. Be4 Nxe4 13. Qxe4 Ra7 14. Qxe5 Nd7 15. Qxg7 {wins a pawn.})
11... Nbd7 $5 12. Qg3 b4 13. Nb1 $5 Qc7 14. Qxg7 $1 {Timman accepts the
challenge.} Rg8 15. Qh6 Bb7 16. N1d2 $5 Rxg2 17. Rhg1 Rg6 18. Rxg6 hxg6 19. Nc4
d5 20. exd5 Bxd5 21. Ne3 Bb7 22. Qh8+ Ke7 23. Qh4 a5 $1 {Black takes the
initiative.} 24. Bb5 $6 Ne5 $1 25. Qd4 $2 (25. Be2 $1 {protects f3.}) 25... Bf3
$1 26. Re1 Ne4 $1 27. Nxa5 $6 (27. Nc4 $1 Nxc4 28. Bxc4 $2 {(Ribli)} Rc8 $1 29.
Bd3 Qf4+ 30. Qe3 Nxf2 $1 {also loses.}) 27... Rxa5 28. Qxb4+ Nd6 29. a4 Rxb5 $1
{Sokolov neared the top.} 0-1